<?xml version="1.0" encoding="UTF-8"?>
<collection xmlns="http://www.loc.gov/MARC21/slim">
  <record>
    <leader>00000nam  2200000   4500</leader>
    <controlfield tag="001">INLIS000000000008738</controlfield>
    <controlfield tag="005">20200611100723</controlfield>
    <datafield tag="035" ind1="#" ind2="#">
      <subfield code="a">0010-0620000024</subfield>
    </datafield>
    <controlfield tag="007">ta</controlfield>
    <controlfield tag="008">200611################g##########0#ind##</controlfield>
    <datafield tag="082" ind1="#" ind2="#">
      <subfield code="a">307.762.026</subfield>
    </datafield>
    <datafield tag="084" ind1="#" ind2="#">
      <subfield code="a">307.762.026 KEM</subfield>
    </datafield>
    <datafield tag="100" ind1=" " ind2="#">
      <subfield code="a">Keasdepan Pemberdayaan Desa, Deputi KPMDK, Kemenko PMK</subfield>
    </datafield>
    <datafield tag="245" ind1="1" ind2="#">
      <subfield code="a">Konsep Kebijakan Pembangunan Desa /</subfield>
      <subfield code="c">Keasdepan Pemberdayaan Desa, Deputi KPMDK, Kemenko PMK</subfield>
    </datafield>
    <datafield tag="250" ind1="#" ind2="#">
      <subfield code="a">ed.1</subfield>
    </datafield>
    <datafield tag="260" ind1="#" ind2="#">
      <subfield code="a">Jakarta :</subfield>
      <subfield code="b">Kantor Kemenko PMK,</subfield>
      <subfield code="c">2015</subfield>
    </datafield>
    <datafield tag="300" ind1="#" ind2="#">
      <subfield code="a">iv, 94 hlm. :</subfield>
      <subfield code="b">ilus ;</subfield>
      <subfield code="c">21 cm</subfield>
    </datafield>
    <datafield tag="650" ind1="#" ind2="#">
      <subfield code="a">Kebijakan, Pembangunan Desa</subfield>
    </datafield>
    <datafield tag="520" ind1="#" ind2="#">
      <subfield code="a">Buku ini merupakan laporan hasil penelitian yang dilakukan oleh Tim dari Asdep Urusan Pemberdayaan Desa, Kedeputian Bidang KPMDK Kemenko PMK yang berisi Bagaimana menyusun rencana kerja pemerintah desa, Pengelolaan Keuangan Desa, Struktur Anggaran Pendapatan dan Belanja Desa, Pembiayaan Desa, Mekanisme pengelolaan keuangan desa, Penata usahaan, Pelaopran  dan Monitoring Evaluasi, Pembinaan dan Pengawasan.</subfield>
    </datafield>
    <datafield tag="856" ind1="#" ind2="#">
      <subfield code="a">Perpustakaan Lembaga Administrasi Negara</subfield>
    </datafield>
    <datafield tag="990" ind1="#" ind2="#">
      <subfield code="a">180419041</subfield>
    </datafield>
  </record>
</collection>
